000
00327nam a22001337a 4500
008
170614b xxu||||| |||| 00| 0 eng d
020
_a
0913530263
041
_a
eng
080
_a
32
100
_a
19
101
_a
SHP
245
_a
POLITICAL BEHAVIOR METAPHORS AND MODELS OF AMERICAN POLITICS
_c
GIANOS,PH.L
942
_2
udc
_c
BK
999
_c
17252
_d
17252